MACROECONOMIC THEORY [12TH.ED.] (Record no. 414)

MARC details
000 -LEADER
fixed length control field 00445nam a22001817a 4500
005 - DATE AND TIME OF LATEST TRANSACTION
control field 20250827122614.0
008 - FIXED-LENGTH DATA ELEMENTS--GENERAL INFORMATION
fixed length control field 160502b xxu||||| |||| 00| 0 eng d
020 ## - INTERNATIONAL STANDARD BOOK NUMBER
ISBN 81-259-1118-9
041 ## - LANGUAGE CODE
Language code of text/sound track or separate title eng
082 ## - DEWEY DECIMAL CLASSIFICATION NUMBER
Classification number 339
100 ## - MAIN ENTRY--AUTHOR NAME
Personal name VAISH ,M C
245 ## - TITLE STATEMENT
Title MACROECONOMIC THEORY [12TH.ED.]
250 ## - EDITION STATEMENT
Edition statement 12TH ED.
260 ## - PUBLICATION, DISTRIBUTION, ETC. (IMPRINT)
Name of publisher Vikas Publishing house Pvt. Ltd.
Year of publication 2004
Place of publication NEW DELHI
300 ## - PHYSICAL DESCRIPTION
Number of Pages 643;P
650 ## - SUBJECT ADDED ENTRY--TOPICAL TERM
Topical Term MANAGEMENT
942 ## - ADDED ENTRY ELEMENTS (KOHA)
Koha item type Books
Holdings
Lost status Damaged status Collection code Home library Current library Shelving location Date acquired Source of acquisition Cost, normal purchase price Full call number Accession Number Koha item type
    MANAGEMENT JRU Library JRU Library SHELF-56-C 02/05/2016 PURCHASE 225.00 339 1098 Books